00503nam a2200181 a 4500001001300000003000900013005001700022008004100039020002300080082002100103100002100124245004400145260005000189300001000239500003500249650001600284700002100300nice12345678IN_TiNIC20260116014537.0131226s2013 dela grp 000 0 eng  a8185063753 c16000a305.480297bKHA5 aKhan, Wahiduddin aWoman Between Islam and Western Society aDelhibIslamic Centre(al-Risala Office c2013 a252p  aincludes index and biblioraphy aWomen-Islam1 aKhan, Wahiduddin